000 00304nam a2200133Ia 4500
008 191201s2005 xx 000 0 und d
100 _aWALKER,Danielle
245 0 _aDoing Business Internationally
250 _a2nd
260 _aN.Delhi
_bMGH
_c2005
300 _a330
650 _aMBA
942 _2ddc
_cBK
999 _c4220
_d4220